000 00467nam a2200181Ia 4500
001 14573
005 20260306164924.0
008 260306t2012||||xx |||||||||||||| ||spa||
041 _aESP
082 _a515.33
_bB137
100 _aBesada Moráis, Manuel
_eAUT
245 0 _aCálculo diferencial en varias variables:
_bproblemas y cuestiones tipo test resueltos
260 _c2012
300 _a
_c
650 _aGEN
654 _aCMA
942 _cLIB
_dJUS
_fJUS
_2ddc
_n
999 _c14573
_d14573